[Event "SportAccord Blitz Men 2012"]
[Site "Beijing CHN"]
[Date "2012.12.17"]
[Round "10.7"]
[White "Mamedyarov, Shakhriyar"]
[Black "Bologan, Viktor"]
[Result "1-0"]
[WhiteTitle "GM"]
[BlackTitle "GM"]
[WhiteElo "2764"]
[BlackElo "2681"]
[WhiteFideId "13401319"]
[BlackFideId "13900048"]
[EventDate "2012.12.16"]

1. d4 d5 2. c4 c6 3. Nc3 Nf6 4. e3 a6 5. Qc2 e6 6. Nf3 c5 7. cxd5 exd5 8. Be2
Nc6 9. O-O cxd4 10. exd4 Be7 11. Ne5 O-O 12. Nxc6 bxc6 13. Re1 Re8 14. Bd3 h6
15. Bf4 Be6 16. Qd2 Bf8 17. Na4 Nd7 18. Rac1 Qc8 19. Re3 g5 20. Bg3 Bg7 21. Bb1
Qb7 22. h4 Qb5 23. b3 a5 24. hxg5 hxg5 25. Rec3 Qb4 26. Qxg5 Qxd4 27. Rxc6 Nf8
28. Nc5 Bc8 29. Nd3 Ne6 30. Qh5 Bd7 31. Ne5 Bxc6 32. Qxf7+ Kh8 33. Qh5+ Kg8 34.
Bh7+ 1-0

[Event "SportAccord Blitz Men 2012"]
[Site "Beijing CHN"]
[Date "2012.12.17"]
[Round "10.8"]
[White "Grischuk, Alexander"]
[Black "Aronian, Levon"]
[Result "0-1"]
[WhiteTitle "GM"]
[BlackTitle "GM"]
[WhiteElo "2764"]
[BlackElo "2815"]
[WhiteFideId "4126025"]
[BlackFideId "13300474"]
[EventDate "2012.12.16"]

1. e4 e5 2. Nf3 Nc6 3. Bb5 Nf6 4. O-O Nxe4 5. d4 Nd6 6. Bxc6 dxc6 7. dxe5 Nf5 8.
Qxd8+ Kxd8 9. Nc3 Ke8 10. h3 h5 11. Ne2 Be7 12. Re1 Nh4 13. Nxh4 Bxh4 14. Bf4
Be7 15. Nd4 g5 16. Bh2 Bc5 17. Nb3 Bb6 18. c4 Be6 19. Rac1 c5 20. a4 a6 21. a5
Ba7 22. Nd2 Kd7 23. Ne4 g4 24. h4 Kc6 25. Red1 Rab8 26. b3 b5 27. axb6 Rxb6 28.
Rc3 Rhb8 29. Rdd3 Bf5 30. f3 a5 31. Bf4 a4 32. bxa4 Rb1+ 33. Kf2 R8b2+ 34. Rd2
Bb6 35. Rcc2 Rxc2 36. Rxc2 Ba5 37. Bd2 Bb4 38. Ke3 Rg1 39. Bc3 gxf3 40. gxf3 Rh1
41. Kf4 Bxe4 42. fxe4 Rxh4+ 43. Kf5 Rh3 44. Bxb4 Rf3+ 45. Kg5 cxb4 46. Kxh5 Kc5
47. Kg4 Rc3 48. Rf2 Rxc4 49. Rxf7 Kb6 50. Rf4 b3 51. Kf5 b2 52. Rf1 Rc1 0-1

[Event "SportAccord Blitz Men 2012"]
[Site "Beijing CHN"]
[Date "2012.12.17"]
[Round "11.1"]
[White "Aronian, Levon"]
[Black "Ivanchuk, Vassily"]
[Result "1-0"]
[WhiteTitle "GM"]
[BlackTitle "GM"]
[WhiteElo "2815"]
[BlackElo "2766"]
[WhiteFideId "13300474"]
[BlackFideId "14100010"]
[EventDate "2012.12.16"]

1. d4 Nf6 2. c4 e6 3. Nf3 d5 4. Nc3 c5 5. cxd5 Nxd5 6. e4 Nxc3 7. bxc3 cxd4 8.
cxd4 Bb4+ 9. Bd2 Bxd2+ 10. Qxd2 O-O 11. Bc4 Nd7 12. O-O b6 13. Qe3 Bb7 14. e5
Qe7 15. Ng5 Rfc8 16. Bd3 Nf8 17. Ne4 Bxe4 18. Bxe4 Rab8 19. f4 g6 20. Kh1 Qb4
21. Rac1 Rxc1 22. Rxc1 Rd8 23. Rd1 Qc4 24. a3 h5 25. h3 h4 26. Kh2 Rd7 27. Bf3
b5 28. f5 exf5 29. d5 a5 30. Rc1 f4 31. Qd2 Qb3 32. Qxf4 Rxd5 33. Bxd5 Qxd5 34.
Rc8 b4 35. axb4 axb4 36. Re8 Qc5 37. Qxh4 b3 38. Qf6 b2 39. Rb8 Qd4 40. h4 Qc3
41. Qe7 1-0

[Event "SportAccord Blitz Men 2012"]
[Site "Beijing CHN"]
[Date "2012.12.17"]
[Round "11.2"]
[White "Bologan, Viktor"]
[Black "Grischuk, Alexander"]
[Result "0-1"]
[WhiteTitle "GM"]
[BlackTitle "GM"]
[WhiteElo "2681"]
[BlackElo "2764"]
[WhiteFideId "13900048"]
[BlackFideId "4126025"]
[EventDate "2012.12.16"]

1. d4 Nf6 2. c4 g6 3. f3 c5 4. d5 d6 5. e4 Bg7 6. Nc3 O-O 7. Nge2 e6 8. Ng3 exd5
9. cxd5 Nbd7 10. Be2 h5 11. O-O Nh7 12. Nh1 a6 13. a4 f5 14. exf5 gxf5 15. Nf2
Ne5 16. Nh3 Qf6 17. Nf4 Qf7 18. Qb3 Re8 19. Bd2 Nf6 20. Rad1 Kh8 21. Bc1 h4 22.
Rfe1 Bd7 23. Qb6 Bf8 24. Bf1 Rab8 25. Nh3 Qg6 26. Kh1 Nh5 27. Bg5 f4 28. Bxf4
Nxf3 29. gxf3 Bxh3 30. Bxh3 Nxf4 31. Rg1 Qc2 32. Bg4 Nd3 33. Rdf1 Nf2+ 34. Rxf2
Qxf2 35. Qc7 Re1 36. Rxe1 Qxe1+ 37. Kg2 Re8 38. Qf7 h3+ 39. Kxh3 Qe7 40. Qxe7
Rxe7 41. Ne4 Re5 42. Be6 b5 43. Kg4 c4 44. axb5 axb5 45. h4 b4 46. h5 c3 47.
bxc3 Rxe4+ 48. fxe4 bxc3 49. e5 c2 50. exd6 Bxd6 0-1

[Event "SportAccord Blitz Men 2012"]
[Site "Beijing CHN"]
[Date "2012.12.17"]
[Round "11.3"]
[White "Karjakin, Sergey"]
[Black "Mamedyarov, Shakhriyar"]
[Result "1/2-1/2"]
[WhiteTitle "GM"]
[BlackTitle "GM"]
[WhiteElo "2775"]
[BlackElo "2764"]
[WhiteFideId "14109603"]
[BlackFideId "13401319"]
[EventDate "2012.12.16"]

1. e4 e5 2. Nf3 Nf6 3. d4 Nxe4 4. dxe5 d5 5. Nbd2 Nc6 6. Bb5 Bd7 7. O-O Nxe5 8.
Bxd7+ Nxd7 9. Nxe4 dxe4 10. Ng5 Be7 11. Nxe4 O-O 12. c3 Nf6 13. Nxf6+ Bxf6 14.
Be3 Qxd1 15. Rfxd1 Rfd8 16. Kf1 a6 17. Ke2 Kf8 18. Bc5+ Ke8 19. Be3 Kf8 20. Bc5+
Ke8 21. Be3 Kf8 1/2-1/2

[Event "SportAccord Blitz Men 2012"]
[Site "Beijing CHN"]
[Date "2012.12.17"]
[Round "11.5"]
[White "Wang, Hao"]
[Black "Kamsky, Gata"]
[Result "1-0"]
[WhiteTitle "GM"]
[BlackTitle "GM"]
[WhiteElo "2737"]
[BlackElo "2762"]
[WhiteFideId "8602883"]
[BlackFideId "2000024"]
[EventDate "2012.12.16"]

1. d4 d5 2. c4 c6 3. Nf3 Nf6 4. Nc3 a6 5. e3 g6 6. Bd3 Bg7 7. O-O O-O 8. Qb3 e6
9. e4 dxe4 10. Nxe4 Nxe4 11. Bxe4 Nd7 12. Bf4 c5 13. Rad1 cxd4 14. Bd6 Re8 15.
c5 Qa5 16. c6 bxc6 17. Nxd4 Nc5 18. Nxc6 Nxb3 19. Nxa5 Nxa5 20. Bxa8 Bxb2 21.
Bb4 Nb7 22. Rb1 Bd4 23. Rfc1 e5 24. Rxc8 Rxc8 25. Bxb7 Rc2 26. a4 Rxf2 27. Kh1
Rf6 28. a5 h5 29. g3 Kg7 30. Rc1 g5 31. Be7 Rf5 32. Bxa6 e4 33. Bb4 h4 34. gxh4
gxh4 35. Rf1 Rg5 36. Bc4 f5 37. a6 h3 38. Bc3 Bxc3 39. a7 f4 40. a8=Q 1-0

[Event "SportAccord Blitz Men 2012"]
[Site "Beijing CHN"]
[Date "2012.12.17"]
[Round "11.6"]
[White "Radjabov, Teimour"]
[Black "Fressinet, Laurent"]
[Result "0-1"]
[WhiteTitle "GM"]
[BlackTitle "GM"]
[WhiteElo "2793"]
[BlackElo "2700"]
[WhiteFideId "13400924"]
[BlackFideId "608742"]
[EventDate "2012.12.16"]

1. d4 d5 2. c4 c6 3. Nc3 Nf6 4. e3 e6 5. Nf3 Nbd7 6. a4 Bd6 7. Be2 O-O 8. O-O
Qe7 9. b3 a6 10. a5 e5 11. Bb2 e4 12. Nd2 Re8 13. Qc1 Nf8 14. Ba3 h5 15. Bxd6
Qxd6 16. Qa3 Qd7 17. Na4 Qf5 18. Nb6 Rb8 19. Nxc8 Rbxc8 20. Qb4 Rc7 21. Qd6 Rd7
22. Qg3 Ng6 23. h3 h4 24. Qh2 c5 25. cxd5 cxd4 26. d6 d3 27. Bd1 Ne5 28. Nc4 Re6
29. Nb6 Rdxd6 30. b4 Nfd7 31. Bb3 Rg6 32. Nc8 Nf3+ 33. Kh1 Nxh2 34. Ne7+ Kf8 35.
Nxf5 Nxf1 36. Nxd6 Nd2 37. Rd1 Nxb3 38. Nxe4 d2 39. Kg1 Rc6 40. Kf1 Rc1 41. Ke2
Nf6 42. Nxd2 Rxd1 43. Kxd1 Nxd2 44. Kxd2 Nd5 0-1

[Event "SportAccord Blitz Men 2012"]
[Site "Beijing CHN"]
[Date "2012.12.17"]
[Round "11.7"]
[White "Morozevich, Alexander"]
[Black "Giri, Anish"]
[Result "1-0"]
[WhiteTitle "GM"]
[BlackTitle "GM"]
[WhiteElo "2748"]
[BlackElo "2720"]
[WhiteFideId "4116992"]
[BlackFideId "24116068"]
[EventDate "2012.12.16"]

1. d4 Nf6 2. c4 g6 3. Nc3 d5 4. Nf3 Bg7 5. h4 dxc4 6. e4 Bg4 7. Bxc4 O-O 8. e5
Nfd7 9. h5 gxh5 10. Qd3 h6 11. Qe4 c5 12. d5 f5 13. d6+ Kh8 14. Qxb7 Qb6 15. Bd5
exd6 16. e6 Qxb7 17. Bxb7 Nb6 18. Bxa8 Nxa8 19. Nh4 Re8 20. f3 Nc6 21. fxg4 Nd4
22. gxf5 Nc2+ 23. Kd1 Nxa1 24. Nd5 Kh7 25. f6 Rxe6 26. fxg7 Kxg7 27. b3 Kf7 28.
Bb2 Nxb3 29. axb3 Nb6 30. Rf1+ Ke8 31. Nc7+ 1-0

[Event "SportAccord Blitz Men 2012"]
[Site "Beijing CHN"]
[Date "2012.12.17"]
[Round "11.8"]
[White "Nakamura, Hikaru"]
[Black "Jobava, Baadur"]
[Result "0-1"]
[WhiteTitle "GM"]
[BlackTitle "GM"]
[WhiteElo "2760"]
[BlackElo "2711"]
[WhiteFideId "2016192"]
[BlackFideId "13601520"]
[EventDate "2012.12.16"]

1. Nf3 c5 2. e4 d6 3. d4 cxd4 4. Nxd4 Nf6 5. Nc3 Nc6 6. Be2 g6 7. O-O Bg7 8. Nb3
O-O 9. f4 b6 10. Bf3 Bb7 11. Qe2 Nd7 12. Rd1 Bxc3 13. bxc3 Qc7 14. h4 Nc5 15. h5
Na4 16. Bd2 Nb8 17. hxg6 hxg6 18. Qf2 Nd7 19. Qd4 Nac5 20. c4 e5 21. Qe3 exf4
22. Qxf4 Rae8 23. Re1 Ne5 24. Bc3 Ne6 25. Qh4 Qxc4 26. Re3 Kg7 27. Rd1 Qc7 28.
Bb4 Nc5 29. Nd4 Qe7 30. Qg3 Bc8 31. Bc3 f6 32. Nb5 Rd8 33. Ba1 Rh8 34. Nd4 Bd7
35. Be2 Rh6 36. Nf5+ Bxf5 37. exf5 Rdh8 38. Kf2 g5 39. Bd4 Rh4 40. Bxc5 Rf4+ 41.
Kg1 dxc5 42. Bb5 Rd8 43. Rde1 c4 44. a4 Qc5 45. Re2 Ng4 46. Re1 Nxe3 47. Qxe3
Qxe3+ 48. Rxe3 Kf8 49. Rh3 Rd1+ 50. Kh2 Rh4 51. Rxh4 gxh4 52. Bxc4 Rd4 53. Bb3
Kg7 54. g3 Kh6 55. gxh4 Rxh4+ 56. Kg3 Kg5 0-1

[Event "SportAccord Blitz Men 2012"]
[Site "Beijing CHN"]
[Date "2012.12.17"]
[Round "12.2"]
[White "Giri, Anish"]
[Black "Nakamura, Hikaru"]
[Result "1/2-1/2"]
[WhiteTitle "GM"]
[BlackTitle "GM"]
[WhiteElo "2720"]
[BlackElo "2760"]
[WhiteFideId "24116068"]
[BlackFideId "2016192"]
[EventDate "2012.12.16"]

1. e4 e6 2. d4 d5 3. Nd2 Nc6 4. Ngf3 Nf6 5. e5 Nd7 6. Nb3 a5 7. a4 b6 8. Bb5
Ncb8 9. O-O Be7 10. c3 c5 11. Re1 O-O 12. Bf4 Ba6 13. Qd2 Qc7 14. Bg5 Qd8 15. h4
cxd4 16. Nbxd4 Nc5 17. Bxe7 Qxe7 18. Qg5 Ra7 19. g3 Rc8 20. Red1 h6 21. Qe3 Rac7
22. Bxa6 Nbxa6 23. Nb5 Rd7 24. Nd6 Rf8 25. b4 axb4 26. cxb4 Nxb4 27. Rab1 Nca6
28. Qxb6 f6 29. Nb5 Rb7 30. Qe3 Nc6 31. Nbd4 Ncb4 32. exf6 Qxf6 33. Re1 Nc5 34.
a5 Ncd3 35. Qxe6+ Qxe6 36. Rxe6 Ra7 37. Ra1 Rfa8 38. Nf5 Rxa5 39. Rxa5 Rxa5 40.
Re7 Ra1+ 41. Kg2 Ra2 42. Rxg7+ Kh8 43. N3d4 Rxf2+ 44. Kh3 Nc6 45. Rg6 Nce5 46.
Rxh6+ Kg8 47. Rf6 Ra2 48. h5 Nf2+ 49. Kh4 Ne4 50. Rg6+ Kf8 51. Ne6+ Ke8 52.
Neg7+ Kd7 53. Kh3 Nf2+ 54. Kg2 Ne4+ 55. Kh3 Nxg6 56. hxg6 Ra6 57. Nh4 d4 58.
Ngf5 d3 59. g7 Nf6 60. Ne3 d2 61. Nhf5 Ng8 62. Nd1 Ke6 63. Nfe3 Ra1 64. Kg4 Nf6+
65. Kf3 Kf7 66. Ke2 Ne4 67. Kd3 Ra4 68. Nc4 Nc5+ 69. Kc3 Ne4+ 70. Kd3 Ra1 71.
Kxe4 Rxd1 72. Kd3 Rg1 73. Nxd2 Rxg3+ 74. Kd4 Rxg7 75. Ne4 Ke6 76. Nc5+ Kf5 77.
Kd5 Rg1 78. Kd4 Rd1+ 79. Kc4 Rd8 80. Nd3 Ke4 81. Nc5+ Ke3 82. Kb5 Rc8 83. Kc4
Rd8 84. Kb5 Rh8 85. Kc4 Rh4+ 86. Kd5 Rh5+ 87. Kc4 Rh4+ 88. Kd5 Rd4+ 89. Ke5 Rd8
90. Ne6 Ra8 91. Kd5 Ra5+ 92. Nc5 Kf4 93. Kd4 Ra8 94. Kd5 Rd8+ 95. Kc4 Ke5 96.
Nd3+ Kd6 97. Kd4 Rh8 98. Ke4 Rh5 99. Nf4 Re5+ 100. Kd4 Ra5 101. Ke4 Ra4+ 102.
Kf5 Rd4 103. Ne2 Rd5+ 104. Kf4 Kc5 105. Ke4 Kc4 106. Nf4 Ra5 107. Ne6 Ra1 108.
Ke5 Rd1 109. Nf4 Re1+ 110. Kf5 Kc5 111. Ne6+ Rxe6 1/2-1/2

[Event "SportAccord Blitz Men 2012"]
[Site "Beijing CHN"]
[Date "2012.12.17"]
[Round "12.3"]
[White "Fressinet, Laurent"]
[Black "Morozevich, Alexander"]
[Result "0-1"]
[WhiteTitle "GM"]
[BlackTitle "GM"]
[WhiteElo "2700"]
[BlackElo "2748"]
[WhiteFideId "608742"]
[BlackFideId "4116992"]
[EventDate "2012.12.16"]

1. Nf3 g6 2. d4 Bg7 3. c4 c5 4. d5 d6 5. e4 e6 6. h3 Ne7 7. Bd3 h6 8. Nc3 g5 9.
Ne2 exd5 10. cxd5 f5 11. Ng3 O-O 12. Nh5 fxe4 13. Bxe4 Bf5 14. Qc2 Qe8 15. Nxg7
Kxg7 16. O-O Bxe4 17. Qxe4 Ng6 18. Qd3 Nd7 19. Bd2 Qf7 20. Rae1 Rae8 21. Bc3+
Kg8 22. Qb5 Nb6 23. Rxe8 Rxe8 24. Rd1 Nf4 25. Kh2 Re2 26. Be1 Qe8 27. Qb3 Qe4
28. a4 Qxa4 29. Qxa4 Nxa4 30. Ra1 Nxb2 31. Rxa7 Nbd3 32. Bc3 Nxd5 33. Ba1 Rxf2
34. Rxb7 Ne3 0-1

[Event "SportAccord Blitz Men 2012"]
[Site "Beijing CHN"]
[Date "2012.12.17"]
[Round "12.4"]
[White "Kamsky, Gata"]
[Black "Radjabov, Teimour"]
[Result "1-0"]
[WhiteTitle "GM"]
[BlackTitle "GM"]
[WhiteElo "2762"]
[BlackElo "2793"]
[WhiteFideId "2000024"]
[BlackFideId "13400924"]
[EventDate "2012.12.16"]

1. e4 e6 2. d4 d5 3. Nc3 Nf6 4. e5 Nfd7 5. f4 c5 6. Nf3 a6 7. Ne2 Nc6 8. c3 Qb6
9. a3 cxd4 10. Nexd4 Nc5 11. Be2 Bd7 12. O-O Nxd4 13. Nxd4 Ba4 14. Qe1 Nb3 15.
Bd1 Bc5 16. Be3 O-O-O 17. Bxb3 Bxb3 18. a4 a5 19. Qf2 Kb8 20. Rfe1 Rc8 21. Nb5
Bxe3 22. Qxe3 Qxe3+ 23. Rxe3 g6 24. Nd4 Bc4 25. Kf2 h5 26. Kg3 h4+ 27. Kg4 Rh5
28. b3 Ba6 29. Ra2 Ka7 30. Rf2 Rch8 31. Rh3 b6 32. Rd2 Bc8 33. Re3 Bd7 34. Kf3
Rc8 35. Ke2 Rhh8 36. Kd3 Rcg8 37. Nf3 b5 38. axb5 Bxb5+ 39. Kc2 a4 40. bxa4
Bxa4+ 41. Kc1 Kb6 42. Ra2 Ra8 43. Ree2 Bb5 44. Reb2 Rxa2 45. Rxa2 Bc4 46. Rb2+
Kc7 47. Kd2 h3 48. g3 Bf1 49. Ng5 Ra8 50. Nxf7 Ra1 51. Ng5 Kd7 52. Ke3 Bg2 53.
Rb7+ Kc6 54. Rh7 Rh1 55. Nxe6 Rxh2 56. Nd4+ Kc5 57. e6 Rh1 58. Kf2 Rf1+ 59. Ke2
Ra1 60. g4 Ra8 61. Kf2 Kc4 62. e7 Re8 63. f5 gxf5 64. gxf5 Kxc3 65. Nb5+ Kc2 66.
Nd6 Rxe7 67. Rxe7 d4 68. Rc7+ Kb2 69. f6 Bd5 70. Kg3 d3 71. Rc5 Be6 72. Ne4 Bf7
73. Rc7 Bd5 74. f7 1-0

[Event "SportAccord Blitz Men 2012"]
[Site "Beijing CHN"]
[Date "2012.12.17"]
[Round "12.6"]
[White "Mamedyarov, Shakhriyar"]
[Black "Leko, Peter"]
[Result "1/2-1/2"]
[WhiteTitle "GM"]
[BlackTitle "GM"]
[WhiteElo "2764"]
[BlackElo "2732"]
[WhiteFideId "13401319"]
[BlackFideId "703303"]
[EventDate "2012.12.16"]

1. d4 Nf6 2. c4 e6 3. Nc3 Bb4 4. Qc2 O-O 5. a3 Bxc3+ 6. Qxc3 b6 7. Bg5 Bb7 8. e3
d6 9. Ne2 Nbd7 10. Qc2 c5 11. Rd1 cxd4 12. Nxd4 a6 13. f3 Rc8 14. Qb1 Ne5 15. b3
h6 16. Bh4 b5 17. cxb5 Qa5+ 18. Kf2 Qxa3 19. Be2 Nd5 20. Qa1 Qxa1 21. Rxa1 axb5
22. Bxb5 g5 23. Bg3 Nc3 24. Rhc1 Nxb5 25. Bxe5 Nxd4 26. Bxd4 Rxc1 27. Rxc1 Rc8
28. Rxc8+ Bxc8 29. e4 e5 30. Bb6 Kf8 31. Bd8 f5 32. b4 fxe4 33. fxe4 Bd7 34. Ke3
Kf7 35. g3 g4 36. Bc7 Ke6 37. Bb8 h5 38. Bc7 Bc6 39. Bb8 Bd7 40. Bc7 Bc6 41. Bb8
Bd7 42. Bc7 1/2-1/2

[Event "SportAccord Blitz Men 2012"]
[Site "Beijing CHN"]
[Date "2012.12.17"]
[Round "12.7"]
[White "Grischuk, Alexander"]
[Black "Karjakin, Sergey"]
[Result "0-1"]
[WhiteTitle "GM"]
[BlackTitle "GM"]
[WhiteElo "2764"]
[BlackElo "2775"]
[WhiteFideId "4126025"]
[BlackFideId "14109603"]
[EventDate "2012.12.16"]

1. e4 e5 2. Nf3 Nc6 3. Bb5 a6 4. Ba4 Nf6 5. O-O Be7 6. d3 b5 7. Bb3 d6 8. a4 Bd7
9. c3 O-O 10. Re1 Na5 11. Bc2 c5 12. Nbd2 Nc6 13. Nf1 Re8 14. h3 h6 15. Ng3 Rc8
16. Bb3 Na5 17. Bc2 Qc7 18. Be3 b4 19. Rc1 Qb8 20. Qe2 b3 21. Bb1 Bxa4 22. Nh4
Bd7 23. Nhf5 Nc6 24. f4 d5 25. exd5 exf4 26. dxc6 Bxf5 27. Nxf5 fxe3 28. Qxe3
Bd6 29. Qf3 g6 30. Nxh6+ Kg7 31. Rf1 Re6 32. Ng4 Rxc6 33. d4 cxd4 34. Kh1 Bg3
35. cxd4 Rxc1 36. Rxc1 Qf4 37. Qxf4 Bxf4 38. Rf1 Nh5 39. Rd1 Re2 40. d5 f5 41.
d6 fxg4 42. d7 Ng3+ 43. Kg1 gxh3 44. Kh2 Nf5+ 45. Kxh3 Bg5 46. g4 Re3+ 47. Kh2
Re2+ 48. Kh3 Ne3 49. Rd3 Bf4 0-1

[Event "SportAccord Blitz Men 2012"]
[Site "Beijing CHN"]
[Date "2012.12.17"]
[Round "12.8"]
[White "Aronian, Levon"]
[Black "Bologan, Viktor"]
[Result "1/2-1/2"]
[WhiteTitle "GM"]
[BlackTitle "GM"]
[WhiteElo "2815"]
[BlackElo "2681"]
[WhiteFideId "13300474"]
[BlackFideId "13900048"]
[EventDate "2012.12.16"]

1. d4 d5 2. c4 c6 3. Nc3 Nf6 4. cxd5 cxd5 5. Bf4 Nc6 6. e3 a6 7. Bd3 Bg4 8. Nge2
e6 9. O-O Be7 10. Rc1 O-O 11. a3 Bh5 12. Na4 Nd7 13. b4 Bg6 14. Bg3 e5 15. Bxg6
hxg6 16. Nac3 exd4 17. Nxd4 Nb6 18. Nxc6 bxc6 19. e4 a5 20. exd5 axb4 21. axb4
cxd5 22. Nb5 Bxb4 23. Qd4 Nc4 24. Nc7 Ra5 25. Nxd5 Qxd5 1/2-1/2

[Event "SportAccord Blitz Men 2012"]
[Site "Beijing CHN"]
[Date "2012.12.17"]
[Round "13.2"]
[White "Karjakin, Sergey"]
[Black "Aronian, Levon"]
[Result "1-0"]
[WhiteTitle "GM"]
[BlackTitle "GM"]
[WhiteElo "2775"]
[BlackElo "2815"]
[WhiteFideId "14109603"]
[BlackFideId "13300474"]
[EventDate "2012.12.16"]

1. e4 e5 2. Nf3 Nc6 3. Bb5 Nf6 4. O-O Nxe4 5. d4 Nd6 6. Bxc6 dxc6 7. dxe5 Nf5 8.
Qxd8+ Kxd8 9. h3 Ke8 10. Nc3 h5 11. Bf4 Be7 12. Rad1 Nh4 13. Nd4 Nf5 14. Nce2 g5
15. Bh2 Rh6 16. Rfe1 a6 17. Nxf5 Bxf5 18. Nd4 Be6 19. Nxe6 Rxe6 20. g4 hxg4 21.
hxg4 c5 22. c3 c4 23. Kg2 b5 24. Kf3 Rb8 25. Bg3 Rh6 26. Ke4 b4 27. Rd4 bxc3 28.
bxc3 Rb2 29. Rxc4 c5 30. Ra4 Kd7 31. Rd1+ Kc8 32. Ke3 Rc2 33. Kd3 Rb2 34. Rd2
Rxd2+ 35. Kxd2 Rb6 36. Kc2 Kd7 37. Re4 Ke6 38. Re1 Rb5 39. a4 Ra5 40. Re4 Kd5
41. f3 c4 42. Rd4+ Kc5 43. Bf2 Kc6 44. Rxc4+ Kd5 45. Re4 Ke6 46. Kb3 Rxe5 47.
Bd4 Rxe4 48. fxe4 Kd6 49. c4 Kc6 50. e5 Bd8 51. Kc3 Kd7 52. Kb4 Kc6 53. Kc3 Kd7
54. Kd3 Ke6 55. Ke4 Bc7 56. c5 Bb8 57. c6 Bc7 58. Bc3 Bb6 59. Bd2 Bd8 60. Be3
Bc7 61. Bxg5 Bxe5 62. Bf4 Bc3 63. c7 Kd7 64. Kf5 Bd4 65. Be5 1-0

[Event "SportAccord Blitz Men 2012"]
[Site "Beijing CHN"]
[Date "2012.12.17"]
[Round "13.3"]
[White "Leko, Peter"]
[Black "Grischuk, Alexander"]
[Result "0-1"]
[WhiteTitle "GM"]
[BlackTitle "GM"]
[WhiteElo "2732"]
[BlackElo "2764"]
[WhiteFideId "703303"]
[BlackFideId "4126025"]
[EventDate "2012.12.16"]

1. e4 e6 2. d4 d5 3. Nc3 Bb4 4. e5 Ne7 5. a3 Bxc3+ 6. bxc3 b6 7. Qg4 Ng6 8. Nh3
Qd7 9. Nf4 Ba6 10. Bxa6 Nxa6 11. h4 O-O-O 12. h5 Nxf4 13. Bxf4 Rhg8 14. a4 Qc6
15. Qf3 Qc4 16. h6 c5 17. Qd3 cxd4 18. Qxd4 g5 19. Be3 Nb8 20. a5 Qxd4 21. Bxd4
bxa5 22. Rxa5 Nc6 23. Ra4 a5 24. Kd2 Kd7 25. Ke3 Rb8 26. c4 Rb4 27. Rxb4 Nxb4
28. cxd5 Nxd5+ 29. Ke4 Rc8 30. Ra1 Ra8 31. Ra4 Kc6 32. c4 Nb6 33. Bxb6 Kxb6 34.
Kd4 Kc6 35. f3 Kb6 36. g3 Kc6 37. f4 g4 38. Kc3 Kc5 39. Ra1 a4 40. Rb1 a3 41.
Rb5+ Kc6 42. Rb1 a2 43. Ra1 Kc5 44. Kb3 Ra7 45. Kc3 Ra3+ 46. Kb2 Rxg3 47. Kxa2
Rf3 48. Rd1 Rxf4 49. Rd8 Kxc4 50. Rg8 Kd5 51. Rg7 g3 52. Rxg3 Rh4 53. Rg7 Rxh6
54. Rxf7 Kxe5 55. Kb2 Rh3 56. Kc2 h5 57. Kd2 Ke4 58. Ke2 Rh2+ 59. Kf1 e5 60. Ra7
Kf4 61. Rf7+ Ke3 62. Kg1 Rh4 63. Kg2 Rg4+ 0-1

[Event "SportAccord Blitz Men 2012"]
[Site "Beijing CHN"]
[Date "2012.12.17"]
[Round "13.4"]
[White "Wang, Hao"]
[Black "Mamedyarov, Shakhriyar"]
[Result "0-1"]
[WhiteTitle "GM"]
[BlackTitle "GM"]
[WhiteElo "2737"]
[BlackElo "2764"]
[WhiteFideId "8602883"]
[BlackFideId "13401319"]
[EventDate "2012.12.16"]

1. d4 d5 2. c4 c6 3. Nf3 Nf6 4. e3 Bf5 5. Nc3 e6 6. Nh4 Bg6 7. Nxg6 hxg6 8. Bd3
Nbd7 9. O-O g5 10. e4 dxe4 11. Nxe4 Nxe4 12. Bxe4 Rh4 13. Re1 Nc5 14. Bxc6+ bxc6
15. dxc5 Qxd1 16. Rxd1 f6 17. b3 Bxc5 18. Be3 Bxe3 19. fxe3 Ke7 20. Rd2 Rd8 21.
Rad1 Rxd2 22. Rxd2 Re4 23. Kf2 Re5 24. b4 g4 25. a4 f5 26. g3 g5 27. Rd3 Re4 28.
Rc3 Kd6 29. Rc2 Kc7 30. Rc3 Kb6 31. a5+ Ka6 32. Rc2 e5 33. Rc1 f4 34. gxf4 exf4
35. exf4 gxf4 36. Rc3 Re5 37. Rb3 Rh5 38. Kg2 Rh6 39. Ra3 Rd6 40. Ra2 Rd3 41.
Rf2 Rd4 42. Rc2 Re4 43. Kf2 Re5 44. Ra2 Re3 45. Rc2 Rb3 46. b5+ cxb5 47. cxb5+
Kxb5 48. Rc7 a6 49. Rg7 g3+ 50. hxg3 fxg3+ 51. Ke2 g2 52. Rg5+ Ka4 53. Kf2 Rb2+
54. Kg1 Rc2 55. Rf5 Kb4 56. Rg5 Rc5 57. Rg8 Kxa5 58. Kxg2 Kb4 59. Kf3 a5 60. Ke2
Kb3 61. Kd2 0-1

[Event "SportAccord Blitz Men 2012"]
[Site "Beijing CHN"]
[Date "2012.12.17"]
[Round "13.6"]
[White "Morozevich, Alexander"]
[Black "Kamsky, Gata"]
[Result "1-0"]
[WhiteTitle "GM"]
[BlackTitle "GM"]
[WhiteElo "2748"]
[BlackElo "2762"]
[WhiteFideId "4116992"]
[BlackFideId "2000024"]
[EventDate "2012.12.16"]

1. d4 Nf6 2. c4 g6 3. Nc3 Bg7 4. e4 d6 5. f3 O-O 6. Be3 c5 7. Nge2 Nc6 8. d5 Ne5
9. Ng3 e6 10. Be2 exd5 11. cxd5 a6 12. a4 h5 13. O-O Re8 14. Qd2 Nh7 15. Rf2 Rb8
16. Nf1 Bd7 17. h3 b5 18. axb5 Bxb5 19. Nxb5 axb5 20. Ra6 Nf6 21. b3 Qc7 22. Qa2
c4 23. b4 Nfd7 24. Qa3 Rbc8 25. Bd1 Nd3 26. Ra2 c3 27. Rc6 Qb8 28. Bc2 N7e5 29.
Rb6 Qc7 30. Rxb5 Nc4 31. Qa7 Nxe3 32. Qxc7 Rxc7 33. Nxe3 Nc1 34. Ra6 Bd4 35. Kf2
f5 36. f4 fxe4 37. Rc6 Ra7 38. Ra5 Rb7 39. Rc4 Bg7 40. Bxe4 Nb3 41. Ra2 Bd4 42.
Kf3 Nd2+ 43. Rxd2 cxd2 44. Rxd4 Rbe7 45. Nd1 Kg7 46. Nf2 Rb8 47. g4 hxg4+ 48.
hxg4 Reb7 49. Rxd2 Rxb4 50. Rc2 Rb3+ 51. Kg2 R8b7 52. Rc6 Rb2 53. Rxd6 R7b4 54.
Re6 Rd4 55. Kf3 Rb3+ 56. Ke2 Ra4 57. Rc6 Rbb4 58. Ke3 Ra3+ 59. Nd3 Rb1 60. d6
Kf7 61. d7 Ke7 62. Rd6 Kd8 63. Bxg6 1-0